[Event "Osijek-ch op"]
[Site "Osijek"]
[Date "2014.02.22"]
[Round "6"]
[White "Hladnic, Emanuel"]
[Black "Skrbic, David"]
[Result "1-0"]
[WhiteElo "1828"]
[BlackElo "1937"]
[PlyCount "83"]
[EventDate "2014.02.20"]
[EventType "swiss"]
[EventRounds "7"]
[EventCountry "CRO"]
[SourceTitle "CBM 159 Extra"]
[Source "ChessBase"]
[SourceDate "2014.04.24"]
[SourceVersion "1"]
[SourceVersionDate "2014.04.24"]
[SourceQuality "1"]

1. Nf3 d5 2. g3 Nf6 3. Bg2 e6 4. 0-0 Be7 5. d4 0-0 6. Nbd2 Nbd7 7. c3 c5 8. e3 b6 9. Re1 Bb7 10. Ne5 cxd4 11. exd4 Bd6 12. f4 Qc7 13. Ndf3 Ne4 14. Qe2 a5 15. Qb5 Ndf6 16. Be3 a4 17. a3 Ra5 18. Qd3 Ba6 19. Qc2 Bc4 20. Nd2 Nxd2 21. Bxd2 Bb3 22. Qd3 Nd7 23. Re3 Nxe5 24. fxe5 Be7 25. Rf3 Bc4 26. Qc2 Rb5 27. Re1 Bb3 28. Qd3 Qc4 29. Qb1 Ba2 30. Qa1 Qb3 31. Bf1 Ra5 32. Bd3 f6 33. c4 Kh8 34. Be2 Qc2 35. Bxa5 bxa5 36. Qxa2 Qd2 37. Qb1 Qxd4+ 38. Kg2 Rb8 39. exf6 Bxf6 40. b3 dxc4 41. Bxc4 axb3 42. Rxb3 1-0

[Event "Osijek op 3rd"]
[Site "Osijek"]
[Date "2007.12.16"]
[Round "9.14"]
[White "Skrbic, David"]
[Black "Kroo, Ivica"]
[Result "0-1"]
[WhiteElo "2038"]
[BlackElo "1872"]
[PlyCount "88"]
[EventDate "2007.12.08"]
[EventType "swiss"]
[EventRounds "9"]
[EventCountry "CRO"]
[SourceTitle "CBM 121 Extra"]
[Source "ChessBase"]
[SourceDate "2008.01.10"]
[SourceVersion "1"]
[SourceVersionDate "2008.01.10"]
[SourceQuality "1"]

1. e4 e5 2. Nf3 Nc6 3. Bb5 Nf6 4. 0-0 d6 5. d4 Bd7 6. Nc3 Be7 7. a3 0-0 8. Re1 Bg4 9. Bxc6 bxc6 10. dxe5 Nd7 11. exd6 Bxd6 12. h3 Bh5 13. Qd3 Re8 14. Bg5 f6 15. Bh4 g5 16. Bg3 Nc5 17. Qc4+ Bf7 18. Qf1 h5 19. Rad1 Qe7 20. Nd4 Bxg3 21. Nf5 Bxf2+ 22. Qxf2 Qe5 23. Qf3 Bg6 24. b4 Ne6 25. Ng3 Nd4 26. Qf2 Rad8 27. Na4 Nxc2 28. Qxc2 Qxg3 29. Nc5 Qxa3 30. Nd7 Kg7 31. Qxc6 Qxb4 32. Qxf6+ Kh6 33. Ne5 Qb6+ 34. Qxb6 cxb6 35. Rd5 Rf8 36. Nc6 Rde8 37. e5 a5 38. e6 Rf6 39. Nd4 a4 40. e7 a3 41. Nb5 a2 42. Nc7 Rxe7 43. Ra1 Rxc7 44. Rxa2 Bf7 0-1

[Event "Osijek op"]
[Site "Osijek"]
[Date "2004.02.04"]
[Round "4"]
[White "Lovakovic, Franjo"]
[Black "Skrbic, David"]
[Result "0-1"]
[WhiteElo "2035"]
[BlackElo "1743"]
[PlyCount "114"]
[EventDate "2004.01.??"]
[EventType "swiss"]
[EventRounds "9"]
[EventCountry "CRO"]
[SourceTitle "EXT 2005"]
[Source "ChessBase"]
[SourceDate "2004.11.15"]
[SourceVersion "1"]
[SourceVersionDate "2004.11.15"]
[SourceQuality "1"]

1. e4 e5 2. Nf3 Nc6 3. Bb5 a6 4. Ba4 Nf6 5. 0-0 Be7 6. Re1 b5 7. Bb3 d6 8. d4 Bg4 9. dxe5 Nxe5 10. Nbd2 0-0 11. c3 Nd3 12. Re3 Ne5 13. Qe1 c5 14. h3 c4 15. Bc2 Bh5 16. Nd4 Bg6 17. f4 Ned7 18. f5 Bh5 19. g4 Bxg4 20. hxg4 Nxg4 21. Rh3 Nde5 22. N2f3 Nxf3+ 23. Nxf3 Qb6+ 24. Kg2 Rfe8 25. Nd4 Bf6 26. Qg3 Bxd4 27. cxd4 Nf6 28. Bh6 g6 29. fxg6 fxg6 30. Re1 Qxd4 31. Qc3 Qxc3 32. bxc3 Re6 33. Rf3 Ng4 34. Bf4 Rf8 35. Ref1 h5 36. Bg5 Rxf3 37. Rxf3 Kg7 38. Rf1 d5 39. Re1 dxe4 40. Rxe4 Rxe4 41. Bxe4 Ne5 42. Bb7 a5 43. Be3 b4 44. cxb4 axb4 45. Bd4 Kf6 46. Be4 g5 47. Bf3 g4 48. Be2 c3 49. Bd1 Kf5 50. Kg3 h4+ 51. Kg2 Kf4 52. Bc5 h3+ 53. Kh1 Nd3 54. Bd6+ Ke3 55. Bb3 Kd2 56. Be7 g3 57. Bg5+ Ke2 0-1